000
00433nam a2200133Ia 4500
008
100328s9999 xx 000 0 und d
082
_b
60186
100
_a
जागीदार गजानान.
245
_a
अभिनय कसा करावा.
260
_b
इंडिया बुक
630
_a
अभिनय कसा करावा.
730
_a
अभिनय कसा करावा.
942
_c
BOOK
999
_c
546351
_d
546348